Mirza ghalib : (Record no. 43294)
[ view plain ]
| 000 -LEADER | |
|---|---|
| fixed length control field | 01183njm a22002897a 4500 |
| 005 - DATE AND TIME OF LATEST TRANSACTION | |
| control field | 20100901103420.0 |
| 007 - PHYSICAL DESCRIPTION FIXED FIELD--GENERAL INFORMATION | |
| fixed length control field | sd ammalaaahaa |
| 008 - FIXED-LENGTH DATA ELEMENTS--GENERAL INFORMATION | |
| fixed length control field | 100901t xxu||||| |||| 00| 0 hin d |
| 028 ## - PUBLISHER NUMBER | |
| Publisher number | FT. 17620 |
| Source | Gramophone Co. |
| 028 ## - PUBLISHER NUMBER | |
| Publisher number | OJW. 3072 |
| Source | Gramophone Co. |
| 028 ## - PUBLISHER NUMBER | |
| Publisher number | OJW. 3076 |
| Source | Gramophone Co. |
| 035 ## - SYSTEM CONTROL NUMBER | |
| System control number | GR-177 |
| 040 ## - CATALOGING SOURCE | |
| Original cataloging agency | SED/VEN |
| 100 ## - MAIN ENTRY--PERSONAL NAME | |
| Personal name | Suraiya |
| 9 (RLIN) | 17829 |
| 245 ## - TITLE STATEMENT | |
| Title | Mirza ghalib : |
| Remainder of title | Hindustani / |
| Statement of responsibility, etc | by Suraiya & Talat Mahmood ; music by Ghulam Mohamed ; lyric by Ghalib |
| Medium | [sound recording] |
| 246 ## - VARYING FORM OF TITLE | |
| Title proper/short title | मिर्ज़ा ग़ालिब (सुरैया) |
| 260 ## - PUBLICATION, DISTRIBUTION, ETC. (IMPRINT) | |
| Place of publication, distribution, etc | Dum Dum India |
| Name of publisher, distributor, etc | Gramophone Co. |
| 300 ## - PHYSICAL DESCRIPTION | |
| Extent | 1 sound disic [gramophone record] : |
| Other physical details | analog, 33 1/3 rpm. |
| Dimensions | 10 in. |
| 500 ## - GENERAL NOTE | |
| General note | Brief Record |
| 505 ## - FORMATTED CONTENTS NOTE | |
| Formatted contents note | Dile nadan tujhe huya kya (Mirza Ghalib) दिले नादाँ तुझे हुआ क्या ,vahshat hi sahi (Mirza Ghalib ) वहशत ही सही |
| 650 ## - SUBJECT ADDED ENTRY--TOPICAL TERM | |
| Topical term or geographic name as entry element | Classical music |
| General subdivision | Excerpts |
| Geographic subdivision | India |
| 9 (RLIN) | 17830 |
| 700 ## - ADDED ENTRY--PERSONAL NAME | |
| Personal name | Talat Mahmood |
| 9 (RLIN) | 17831 |
| 700 ## - ADDED ENTRY--PERSONAL NAME | |
| Personal name | Ghulam Mohamed |
| 9 (RLIN) | 17832 |
| 700 ## - ADDED ENTRY--PERSONAL NAME | |
| Personal name | Ghalib |
| 9 (RLIN) | 17833 |
| 942 ## - ADDED ENTRY ELEMENTS (KOHA) | |
| Source of classification or shelving scheme | Dewey Decimal Classification |
| Item type | Gramaphone Records |
| Withdrawn status | Lost status | Source of classification or shelving scheme | Damaged status | Not for loan | Home library | Current library | Date acquired | Total Checkouts | Barcode | Date last seen | Copy number | Price effective from | Koha item type |
|---|---|---|---|---|---|---|---|---|---|---|---|---|---|
| Dewey Decimal Classification | Not For Loan | Central Library | Central Library | 01/09/2010 | GR-177 | 01/09/2010 | 1 | 01/09/2010 | Gramaphone Records |
